Great web typography / (Record no. 22267)

000 -LEADER
fixed length control field 00437nam a2200169 a 4500
020 ## - INTERNATIONAL STANDARD BOOK NUMBER
ISBN 0764537008
040 ## - CATALOGING SOURCE
Transcribing agency UKM
082 04 - DEWEY DECIMAL CLASSIFICATION NUMBER
Classification number 005 PEK 2003 C260 Or.
100 1# - MAIN ENTRY--AUTHOR NAME
Personal name Peck, Wendy,
245 10 - TITLE STATEMENT
Title Great web typography /
260 ## - PUBLICATION, DISTRIBUTION, ETC. (IMPRINT)
Place of publication New York :
Name of publisher Wiley ;
Place of publication Chichester :
Name of publisher John Wiley,
Year of publication 2003
300 ## - PHYSICAL DESCRIPTION
Number of Pages xxi, 316 p. :
Other physical details col. ill. ;
Dimensions 26 cm
500 ## - GENERAL NOTE
General note Includes index
650 #0 - SUBJECT ADDED ENTRY--TOPICAL TERM
Topical Term Web typography
650 #0 - SUBJECT ADDED ENTRY--TOPICAL TERM
Topical Term Web sites
942 ## - ADDED ENTRY ELEMENTS (KOHA)
Koha item type ADB

No items available.

មជ្ឈមណ្ឌលឯការនៃសាកលវិទ្យាល័យភូមិន្ទកសិកម្មចំការដូង

Powered by Koha